01404nam a2200337 i 4500003000900000005001700009008004100026017001300067040004600080041000800126082002800134092000700162099004500169100003700214245006600251250002400317264006200341300003300403336002200436337002400458338003300482504010800515546011600623650003500739651001000774856005700784905000700841942001900848999001700867952018200884EG-GICUC20260121101513.0251216s1974 ua |||| |||| 00| 0 ara dd a19742184 a EG-GICUCbarac EG-GICUCd EG-GICUCerda aara04221a343.6bر ؤ . م04221 aLaw1 10 343.6 ر ؤ . م 3 ed - 1974 0 aرؤوف عبيدeمؤلف.10aمبادئ علم الإجرام /cرؤوف عبيد. aطبعة ثالثة 1aالقاهرة :bدار الفكر العربي،c1974. a؛ 481 صفحة c24 سم. 2rda contentatext 2rda mediaaComputer 2rda carrieraOnline Resource aيحتوي على ارجاعات ببليوجرافية يحتوي على قائمة بالمراجع aالنص أغلبه باللغة العربية بعض النصوص الإنجليزية والفرنسية14aعلم الإجرام2qrmak1 2qrmak40uhttps://fll.law.cu.edu.eg/fulltext/bks/B10-07112.pdf a75 2ddccBKe21n0 c50982d50982 00102ddc40718القانون الجنائيaCUbLAW1d2025-12-16l0oLaw1 10 343.6 ر ؤ . م 3 ed - 1974 1007112 C1pB10-07112r2025-12-16 18:06:48t1w2025-12-16yBK